Statistics for Top 10 Notorious Serial Killers

Click here to take the quiz!

General Stats

  • This quiz has been taken 1,411 times
  • The average score is 4 of 10

Answer Stats

HintAnswer% Correct
The Killer ClownJohn Wayne Gacy
80%
Dahmer killed 17 boys and menJeffrey Dahmer
79%
To entice his victims, he would pretend to be an authority figureTed Bundy
57%
Inspiration for several horror-suspense movies including PsychoEd Gein
46%
BTK killer; which stands for Bind, Torture, and Kill.Dennis Rader
45%
She killed seven menAileen Wuornos
43%
Green River KillerGary Ridgway
37%
The Vampire of SacramentoRichard Trenton Chase
30%
The Rostov RipperAndrei Chikatilo
13%
He killed at least 350 people in a span of 20Henry Lee Lucas
5%

Score Distribution

Percentile by Number Answered

Percent of People with Each Score

Your Score History

You have not taken this quiz